| 000 | 00952nac a22003011i 4500 | ||
|---|---|---|---|
| 003 | EG-ScBUE | ||
| 005 | 20230110112436.0 | ||
| 008 | 230110t1988 nyu f b 000 0 eng d | ||
| 020 | _a0442221096 | ||
| 020 | _a9780442221096 | ||
| 040 |
_aEG-ScBUE _beng _erda _cEG-ScBUE _dEG-ScBUE |
||
| 082 | 0 | 4 |
_a747.03 _bDIZ _222 |
| 100 | 1 |
_aDizik, A. Allen, _eauthor. |
|
| 245 | 1 | 0 |
_aConcise encyclopedia of interior design / _cA. Allen Dizik, fasid. |
| 250 | _aSecond edition. | ||
| 264 | 1 |
_aNew York : _bVan Nostrand Reinhold, _c[1988] |
|
| 264 | 4 | _cc1988 | |
| 300 |
_axi, 220 pages ; _c25 cm |
||
| 336 |
_2rdacontent _atext _btxt |
||
| 337 |
_2rdamedia _aunmediated _bn |
||
| 338 |
_2rdacarrier _avolume _bnc |
||
| 504 | _aIncludes bibliographical references. | ||
| 650 | 7 |
_aDecoration and ornament _xDictionaries. _2BUEsh |
|
| 650 | 7 |
_aInterior decoration _xDictionaries. _2BUEsh |
|
| 653 | _bART | ||
| 655 | _vReading book | ||
| 942 |
_cBB _2ddc |
||
| 999 |
_c4362 _d4362 |
||